<?xml version="1.0" encoding="UTF-8"?><?xml-stylesheet type="text/xsl" href="static/style.xsl"?><OAI-PMH xmlns="http://www.openarchives.org/OAI/2.0/" xmlns:xsi="http://www.w3.org/2001/XMLSchema-instance" xsi:schemaLocation="http://www.openarchives.org/OAI/2.0/ http://www.openarchives.org/OAI/2.0/OAI-PMH.xsd"><responseDate>2026-04-28T18:37:54Z</responseDate><request verb="GetRecord" identifier="oai:riubu.ubu.es:10259/7856" metadataPrefix="marc">https://riubu.ubu.es/oai/request</request><GetRecord><record><header><identifier>oai:riubu.ubu.es:10259/7856</identifier><datestamp>2023-10-11T00:05:25Z</datestamp><setSpec>com_10259_7859</setSpec><setSpec>com_10259_5086</setSpec><setSpec>com_10259_2604</setSpec><setSpec>com_10259_3725</setSpec><setSpec>com_10259_4734</setSpec><setSpec>col_10259_7860</setSpec><setSpec>col_10259_3726</setSpec><setSpec>col_10259_4735</setSpec></header><metadata><record xmlns="http://www.loc.gov/MARC21/slim" xmlns:doc="http://www.lyncode.com/xoai" xmlns:xsi="http://www.w3.org/2001/XMLSchema-instance" xmlns:dcterms="http://purl.org/dc/terms/" xsi:schemaLocation="http://www.loc.gov/MARC21/slim http://www.loc.gov/standards/marcxml/schema/MARC21slim.xsd">
<leader>00925njm 22002777a 4500</leader>
<datafield tag="042" ind1=" " ind2=" ">
<subfield code="a">dc</subfield>
</datafield>
<datafield tag="720" ind1=" " ind2=" ">
<subfield code="a">Cuesta Gómez, José Luis</subfield>
<subfield code="e">author</subfield>
</datafield>
<datafield tag="720" ind1=" " ind2=" ">
<subfield code="a">Ortega Camarero, María Teresa</subfield>
<subfield code="e">author</subfield>
</datafield>
<datafield tag="720" ind1=" " ind2=" ">
<subfield code="a">Fuente Anuncibay, Raquel de la</subfield>
<subfield code="e">author</subfield>
</datafield>
<datafield tag="260" ind1=" " ind2=" ">
<subfield code="c">2023-03</subfield>
</datafield>
<datafield tag="520" ind1=" " ind2=" ">
<subfield code="a">People with intellectual disabilities have seen their life expectancy increase in recent years to match that of the general population. The aging of each person will depend on the events experienced throughout their lives, their illnesses, and the psychosocial aspects of their environment. In spite of this, in the case of people with intellectual disabilities, there is evidence of a peculiar way of aging, with signifi cant changes with respect to the general population that affect the age of onset of the fi rst symptoms of aging, and physical, emotional, and health status changes. This article performs a systematic review of the literature to demonstrate the peculiarities of aging in people with intellectual disabilities, concluding on the need to know these changes to adequately guide professional care and thus improve their quality of life</subfield>
</datafield>
<datafield tag="024" ind2=" " ind1="8">
<subfield code="a">2690-0807</subfield>
</datafield>
<datafield tag="024" ind2=" " ind1="8">
<subfield code="a">http://hdl.handle.net/10259/7856</subfield>
</datafield>
<datafield tag="024" ind2=" " ind1="8">
<subfield code="a">10.17352/AGGR.000032</subfield>
</datafield>
<datafield tag="024" ind2=" " ind1="8">
<subfield code="a">2690-0807</subfield>
</datafield>
<datafield tag="245" ind1="0" ind2="0">
<subfield code="a">A distinctive ageing: Age and people with intellectual disabilities</subfield>
</datafield>
</record></metadata></record></GetRecord></OAI-PMH>